000 01046 a2200241 4500
005 20260319102917.0
008 260319b |||||||| |||| 00| 0 eng d
020 _a8185268819 (hbk)
037 _cTB
040 _aBL
_cBL
041 _2hin
_ahin
084 _aO152,2:g(NT) N8
_qBL
100 _aत्रिपाठी, राधावल्लभ
_91114806
245 _aभारतीय नाट्यशास्त्र की परम्परा एवं विश्व रंगमञ्च
260 _aदिल्ली, भारत:
_bप्रतिभा प्रकाशन,
_c1998.
300 _a237पृ.
365 _b995.00
_cINR
546 _aTranslated from Sanskrit to Hindi
650 _aहिन्दी नाटक
650 _aहिन्दी साहित्य
942 _cTB
_2CC
_hO152,2:g(NT) N8
999 _c1679081
_d1679081